| 000 | 00639nam a22002177a 4500 | ||
|---|---|---|---|
| 003 | OSt | ||
| 005 | 20160412150431.0 | ||
| 008 | 160412b xxu||||| |||| 00| 0 eng d | ||
| 020 | _a9780702053092 | ||
| 040 | _cDNLM | ||
| 082 | _aQV140 P93p 2011 | ||
| 100 |
_aEdited by Nical J. Petty _97722 |
||
| 245 | _aPrinciples of Neuromusculoskeletal Treatment and Management: a handbook for therapists | ||
| 250 | _a2nd ed. | ||
| 260 | _aEdinburgh; Churchill, 2011 | ||
| 300 | _axi,314p; col.ill: 25cm | ||
| 504 | _aReferences, & index included | ||
| 650 |
_aNeuromusculoskeletal _92876 |
||
| 650 |
_aTherapists _97723 |
||
| 942 |
_2z _cO_SHELF |
||
| 999 |
_c3456 _d3456 |
||